书目信息 |
| 题名: |
实用霓虹灯技术
|
|
| 作者: | 蔡祖泉 , 陈大华 主编 | |
| 分册: | ||
| 出版信息: | 广州 华南理工大学出版社 1994.12 |
|
| 页数: | 400页 | |
| 开本: | 16开 | |
| 丛书名: | ||
| 单 册: | ||
| 中图分类: | TS956.3 | |
| 科图分类: | ||
| 主题词: | 灯具--制造 , 灯具 | |
| 电子资源: | ||
| ISBN: | 7-5623-0788-1 | |
| 000 | 00599nam0 2200205 45 | |
| 001 | 0007160034 | |
| 005 | 20000716002937.7 | |
| 010 | @a7-5623-0788-1@d38.00元 | |
| 100 | @a20000716d1994 km y0chiy0120 ea | |
| 101 | 0 | @achi |
| 200 | 1 | @a实用霓虹灯技术@AShi Yong Ni Hong Deng Ji Shu@f蔡祖泉,陈大华主编@FCai Zu Quan,Chen Da Hua Zhu Bian |
| 210 | @a广州@c华南理工大学出版社@d1994.12 | |
| 215 | @a400页@d16开 | |
| 606 | 0 | @a灯具@x制造 |
| 606 | 0 | @a灯具 |
| 690 | @aTS956.3@v3 | |
| 701 | 0 | @a蔡祖泉@4主编 |
| 701 | 0 | @a陈大华@4主编 |
| 801 | @aCN@bPftUser@c20000716 | |
| 905 | @b71226-230@dTS956.3@eC696@f5 | |
| 实用霓虹灯技术/蔡祖泉,陈大华主编.-广州:华南理工大学出版社,1994.12 |
| 400页;16开 |
| ISBN 7-5623-0788-1:38.00元 |
| ● |
| 相关链接 |
|
|
|
正题名:实用霓虹灯技术
索取号:TS956.3/C696
 
预约/预借
| 序号 | 登录号 | 条形码 | 馆藏地/架位号 | 状态 | 备注 |
| 1 | 146896 | 201468964 | 自科二线504/504自科库 41排3列2层/ [索取号:TS956.3/C696] | 在馆 | |
| 2 | 146897 | 201468973 | 自科库501/501自科库 44排2列2层/ [索取号:TS956.3/C696] | 在馆 | |
| 3 | 71226 | 200712265 | 自科库501/501自科库 44排2列2层/ [索取号:TS956.3/C696] | 在馆 | |
| 4 | 71227 | 200712274 | 自科二线400A/400A自科库 30排3列3层/ [索取号:TS956.3/C696] | 在馆 | |
| 5 | 71228 | 200712283 | 自科二线400A/400A自科库 28排3列4层/ [索取号:TS956.3/C696] | 在馆 | |
| 6 | 71229 | 200712292 | 自科库501/501自科库 44排2列2层/ [索取号:TS956.3/C696] | 在馆 | |
| 7 | 71230 | 200712309 | 自科库501/501自科库 44排2列2层/ [索取号:TS956.3/C696] | 在馆 |